Tecnologías del yo: y otros textos afines

Kaydedildi:
Detaylı Bibliyografya
Yazar: Foucault, Michel (Yazar)
Materyal Türü: Kitap
Dil:İspanyolca
Baskı/Yayın Bilgisi: Barcelona Paidós Ibérica 1991
Edisyon:2a. ed
Seri Bilgileri:Pensamiento Contemporáneo, 7
Konular:
Etiketler: Etiketle
Etiket eklenmemiş, İlk siz ekleyin!

MARC

LEADER 00000nam a2200000 a 4500
001 UCV9421
003 CL-VaPUC
008 920922e19910000SP |||||||||||||||||spa|d
082 0 4 |a 126  |b FOU  |2 21 
100 |a Foucault, Michel  |e author  |9 257945 
245 1 0 |a Tecnologías del yo: y otros textos afines 
250 |a 2a. ed 
300 |a 150 p 
942 |c BK 
945 |d 19920922 00:00:00 
260 |a Barcelona  |b Paidós Ibérica  |c 1991 
650 0 |a Yo  |9 268123 
650 7 |a INDIVIDUALIDAD  |2 CL-VaPUC  |9 268124 
583 |a last modification  |c 19920922 00:00:00  |k Rodrigo Vera 
490 0 |a Pensamiento Contemporáneo, 7 
999 |c 214762  |d 214760 
952 |0 0  |1 0  |4 0  |6 126_000000000000000_FOU_1991  |7 0  |8 A  |9 198462  |a BIBARQ  |b BIBARQ  |d 2019-11-14  |i 2659174  |o 126 FOU 1991  |p 2659174  |r 2019-11-14  |w 2019-11-14  |y BK  |k ARQ 
952 |0 0  |1 0  |4 0  |6 126_000000000000000_FOU_1991  |7 0  |8 A  |9 198463  |a FDOPOS  |b BIBEDU  |d 2019-11-14  |i 2659182  |l 3  |o 126 FOU 1991  |p 2659182  |r 2025-03-03  |s 2025-01-13  |w 2019-11-14  |y BK  |k MLA